Reingeniería de la dirección (Registro nro. 2619)

Detalles MARC
000 -LEADER
fixed length control field 01357 a2200229 4500
001 - CONTROL NUMBER
control field 36165
005 - DATE AND TIME OF LATEST TRANSACTION
control field 20260407155638.0
008 - FIXED-LENGTH DATA ELEMENTS--GENERAL INFORMATION
fixed length control field 260407a1996 arg spa d
003 - CONTROL NUMBER IDENTIFIER
control field AR-UNSa-BCEJYS
040 ## - CATALOGING SOURCE
Original cataloging agency AR-UNSa-BCEJYS
Language of cataloging spa
Transcribing agency AR-UNSa-BCEJYS
080 ## - UNIVERSAL DECIMAL CLASSIFICATION NUMBER
Universal Decimal Classification number 658.016.7
Common auxiliary subdivision Principios generales. Eficiencia. Racionalización. Productividad (Reingeniería)
020 ## - INTERNATIONAL STANDARD BOOK NUMBER
International Standard Book Number 84-7978-259-5
100 1# - MAIN ENTRY--PERSONAL NAME
Personal name Champy, James
245 10 - TITLE STATEMENT
Title Reingeniería de la dirección
Name of part/section of a work el imperativo del nuevo liderazgo
264 #1 - PRODUCTION, PUBLICATION, DISTRIBUTION, MANUFACTURE, AND COPYRIGHT NOTICE
Place of production, publication, distribution, manufacture Madrid :
Name of producer, publisher, distributor, manufacturer Ediciones Diaz de Santos
Date of production, publication, distribution, manufacture, or copyright notice 1996
300 ## - PHYSICAL DESCRIPTION
Extent 273 p.
Dimensions 23 cm.
505 ## - FORMATTED CONTENTS NOTE
Formatted contents note 1.¿La dirección?¿Por qué aplicar la reingeniría a la dirección - 2. La ordalía de la dirección - 3. Viviendo las preguntas - 4. En resumen, ¿para qué existe esta empresa? - 5. ¿Cómo decidimos?:casos concretos - 6.¿Qué clase de cultura deseamos? - 7. ¿Que deseamos?: casos concretos - 8.¿ Cómo vamos hacer nuestro trabajo? - 9. Pensando en los procesos de la dirección: casos concretos - 10.¿ Con que tipo de personas deseamos trabajar? - 11. ¿Cómo elegimos?: casos concretos - 12. La segunda revolución de la dirección - Indice.
590 ## - LOCAL NOTE (RLIN)
Local note niveau_biblio:m niveau_hierar:0
700 1# - ADDED ENTRY--PERSONAL NAME
Personal name Soriano Soriano, Claudio L.
856 41 - ELECTRONIC LOCATION AND ACCESS
Uniform Resource Identifier <a href="https://biblioeco.unsa.edu.ar/pmb/images/libros/L69899.jpg">https://biblioeco.unsa.edu.ar/pmb/images/libros/L69899.jpg</a>
Link text Imagen de portada
Electronic format type image/jpeg
942 ## - ADDED ENTRY ELEMENTS (KOHA)
Koha item type
Existencias
Withdrawn status Lost status Damaged status Not for loan Home library Current library Shelving location Date acquired Total checkouts Full call number Barcode Date last seen Price effective from Koha item type
        Biblioteca Prof. Eusebio Cleto del Rey Biblioteca Prof. Eusebio Cleto del Rey   07/04/2026   658.016.7 C449 L69899 07/04/2026 07/04/2026 Libro